|
|
|
|
| LEADER |
01091nam a2200205 a 4500 |
| 008 |
100623s2004 bg b 000 0 mul d |
| 020 |
|
|
|a 9848584005
|
| 040 |
|
|
|a BD-DhAAL
|c BD-DhAAL
|
| 082 |
0 |
0 |
|a 070.4/4
|2 22
|
| 245 |
1 |
0 |
|a সংবাদপত্রে ফিচার :
|b শব্দে আঁকা জনজীবনের ছবি /
|c আরশাদ সিদ্দিকী ও জাহিদুল ইসলাম.
|
| 260 |
|
|
|a ঢাকা :
|b ম্যাস-লাইন মিডিয়া সেন্টার,
|c ২০০৪.
|
| 300 |
|
|
|a vii, ১৪৩ পৃ. ;
|c ২২ সে.মি.
|
| 504 |
|
|
|a গ্রন্থপুঞ্জিগত নির্দেশিকা.
|
| 541 |
1 |
|
|e 00020046
|
| 650 |
|
0 |
|a Feature writing.
|
| 700 |
1 |
|
|a সিদ্দিকী, আরশাদ.
|
| 700 |
1 |
|
|a ইসলাম, জাহিদুল.
|
| 852 |
4 |
|
|a Ayesha Abed Library
|j General Shelf
|
| 999 |
|
|
|c 9070
|d 9070
|
| 952 |
|
|
|0 0
|1 0
|2 ddc
|4 0
|6 070_400000000000000_4_SHO_2004
|7 0
|9 11234
|a BRACUL
|b BRACUL
|c GEN
|d 2010-06-24
|l 1
|m 5
|o 070.44 SHO
|p 3010020046
|r 2025-12-22
|s 2025-10-27
|t 1
|w 2010-06-24
|y BK
|